Three master architects in New Spain (Record no. 4909)

MARC details
000 -CABECERA
campo de control de longitud fija 00925nam a2200277 a 4500
001 - NÚMERO DE CONTROL
campo de control BRCA_5215
005 - FECHA Y HORA DE LA ÚLTIMA TRANSACCIÓN
campo de control 20190320205004.0
008 - DATOS DE LONGITUD FIJA--INFORMACIÓN GENERAL
campo de control de longitud fija 261110s1947----u--a######---#000-0#eng-#
041 ## - CÓDIGO DE LENGUA
Código de lengua del texto/banda sonora o título independiente eng
044 ## - CÓDIGO DEL PAÍS DE LA ENTIDAD EDITORA/PRODUCTORA
Código MARC del país u
050 #4 - SIGNATURA TOPOGRÁFICA DE LA BIBLIOTECA DEL CONGRESO
Número de clasificación NA759
Número de documento/Ítem .B47 1947
100 1# - ENTRADA PRINCIPAL--NOMBRE DE PERSONA
Nombre de persona Berlin, Heinrich
9 (RLIN) 13352
245 10 - MENCIÓN DE TÍTULO
Título Three master architects in New Spain
Mención de responsabilidad, etc. by Heinrich Berlín.
260 ## - PUBLICACIÓN, DISTRIBUCIÓN, ETC.
Lugar de publicación, distribución, etc. [Estados Unidos]
Nombre del editor, distribuidor, etc. The Hispanic American Historical Review
Fecha de publicación, distribución, etc. 1947
300 ## - DESCRIPCIÓN FÍSICA
Extensión 376-383 p.
Otras características físicas il., 5 láminas
Dimensiones 25 cm.
500 ## - NOTA GENERAL
Nota general Vol. 22, No. 2, mayo 1947
500 ## - NOTA GENERAL
Nota general Incluye referencias bibliográficas
500 ## - NOTA GENERAL
Nota general Revista inventariada por Banco de México como libro.
500 ## - NOTA GENERAL
Nota general E50
600 14 - PUNTO DE ACCESO ADICIONAL DE MATERIA--NOMBRE DE PERSONA
Nombre de persona Arrieta, Pedro de
Fechas asociadas al nombre 1738
9 (RLIN) 13353
600 14 - PUNTO DE ACCESO ADICIONAL DE MATERIA--NOMBRE DE PERSONA
Nombre de persona Rodríguez, Lorenzo
Fechas asociadas al nombre 1704-1774
9 (RLIN) 13354
600 14 - PUNTO DE ACCESO ADICIONAL DE MATERIA--NOMBRE DE PERSONA
Nombre de persona Torres y Guerrero, Francisco Antonio
Fechas asociadas al nombre 1727-1792
9 (RLIN) 13355
651 #4 - PUNTO DE ACCESO ADICIONAL DE MATERIA--NOMBRE GEOGRÁFICO
Nombre geográfico Nueva España
Subdivisión general Arquitectura
9 (RLIN) 13356
902 ## - CATALOGADOR
Iniciales GFM
942 ## - ELEMENTOS DE PUNTO DE ACCESO ADICIONAL (KOHA)
Fuente del sistema de clasificación o colocación Library of Congress Classification
Tipo de ítem Koha Libros
Holdings
Estado de retiro Estado de pérdida Estado dañado No para préstamo Localización permanente Ubicación/localización actual Fecha de adquisición Número de inventario Total de préstamos Signatura topográfica completa Código de barras Fecha visto por última vez Precio válido a partir de Tipo de ítem Koha
El ejemplar forma parte de la colección y puede ser consultado según las políticas vigentes.       Biblioteca del Museo Franz Mayer (Rogerio Casas-Alatriste) Biblioteca del Museo Franz Mayer (Rogerio Casas-Alatriste) 26/11/2010 E50   NA759 .B47 1947 (E50) 5650 22/03/2019 22/03/2019 Libros